UBT Library

BETWEEN HEAVEN AND EARTH (Record no. 59613)

000 -LEADER
fixed length control field 00316nam a22001457a 4500
008 - FIXED-LENGTH DATA ELEMENTS--GENERAL INFORMATION
fixed length control field 230419b ||||| |||| 00| 0 eng d
020 ## - INTERNATIONAL STANDARD BOOK NUMBER
International Standard Book Number 9780313375361
041 ## - LANGUAGE CODE
Language code of text/sound track or separate title eng
080 ## - UNIVERSAL DECIMAL CLASSIFICATION NUMBER
Universal Decimal Classification number 030
082 ## - DEWEY DECIMAL CLASSIFICATION NUMBER
Classification number 030DYK
100 ## - Rafti
Rafti 44
101 ## - Shkurtesa
Shkurtesa ENCI
245 ## - TITLE STATEMENT
Title BETWEEN HEAVEN AND EARTH
Statement of responsibility, etc DYKE VAN
942 ## - ADDED ENTRY ELEMENTS (KOHA)
Source of classification or shelving scheme
Item type Books
Holdings
Withdrawn status Lost status Source of classification or shelving scheme Damaged status Not for loan Collection code Permanent location Current location Date acquired Total Checkouts Full call number Barcode Date last seen Price effective from Koha item type
          Koleksioni i përgjithshem UBT - Lipjan UBT - Lipjan 04/19/2023   030DYK 002-80007051 04/19/2023 04/19/2023 Books
UBT Library © 2015-2024. All rights reserved University Education for Business and Technology